On This Day: July 11th Quiz Stats

 Plays Quiz Updated Jul 11, 2017

Support Sporcle.
Go Orange.
Score 0/7 Timer 03:00
1 Play Today
Question Answer Wrong Answers
The first game of the World ______ Championship between American challenger Bobby Fischer and the defending Soviet champion Boris Spassky starts.
1972
Chess
87.7%
Checkers
1.5%
Badminton
1.8%
Table Tennis
2.9%
This novel by author Harper Lee is first published in the United States.
1960
To Kill a Mockingbird
86.3%
The Catcher in the Rye
4.4%
Lord of the Flies
2.1%
Gone with the Wind
2%
This man, the Vice President of the United States, mortally wounds former Secretary of the Treasury Alexander Hamilton in a duel.
1804
Aaron Burr
83.8%
Thomas Jefferson
5.8%
John Adams
6.3%
George Clinton
2.2%
This Mexican border town, the largest city in Baja California, is founded.
1889
Tijuana
78.1%
San Diego
12.6%
Laredo
2.4%
Mexicali
4.1%
This activist, winner of the 1964 Nobel Peace Prize, is posthumously awarded the Presidential Medal of Freedom.
1977
Martin Luther King, Jr.
77.5%
Malcolm X
10.6%
Cesar Chavez
2.6%
Harvey Milk
2.9%
This iconic athlete, known as ‘The Sultan of Swat’, makes his debut in Major League Baseball.
1914
Babe Ruth
75%
Lou Gehrig
6.5%
Mickey Mantle
7.6%
Ty Cobb
7%
This American politician, the 6th President of the United States, is born.
1767
John Quincy Adams
62.4%
James Monroe
15.4%
Andrew Jackson
14.2%
Martin Van Buren
7.9%

You're not logged in!

Compare scores with friends on all Sporcle quizzes.
OR
Log In
Forgot?

From the Vault

Word Smuggling III

by MrChewypoo

Sure these words are great smugglers, but can they do the Kessel Run in less than 12 parsecs?
Remove Ads.
Support Sporcle.
Get the best of Sporcle when you Go Orange. This ad-free experience offers more features, more stats, and more fun while also helping to support Sporcle. Thank you for becoming a member.

Show Comments

Extras

Top Quizzes Today


Score Distribution

Your Account Isn't Verified!

In order to create a playlist on Sporcle, you need to verify the email address you used during registration. Go to your Sporcle Settings to finish the process.

Report this User

Report this user for behavior that violates our Community Guidelines.

Details: